Private Jet by Picture - Part 2 - Statistics

General Stats
  • This quiz has been taken 210 times
  • The average score is 10 of 16
Answer Stats
Picture Answer % Correct
PC12
99%
BBJ
84%
Citation X
78%
Piaggio Avanti
77%
PC24
72%
Falcon 8X
67%
Citation Latitude
65%
HondaJet
65%
ACJ
61%
Learjet 60
58%
Lineage 1000
58%
Citation M2
46%
Premier 1
45%
Citation Sovereign
43%
G280
43%
Eclipse 550
35%
No matching quizzes found
Score Distribution
Percent of People with Each Score
Percentile by Number Answered
Your Score History
You have not taken this quiz